000 00696nam a2200217Ii 4500
003 JO-AjNU
008 230605s9999||||xx |||||||||||||| ||und||
017 _a2005/2/328
040 _aJO-AjNU
_bara
_erda
_cJO-AjNU
041 _aara
050 1 4 _aHQ515 .K576 2005
100 3 _aكتاني، منذر ابراهيم,
_eauthor
_922080
245 0 0 _aالاسرة والحياة العائلية
250 _aط1
264 3 1 _aعمان: المؤلف، 2005
300 _a174ص
_bيحتوي ببلوغرافية من ص 173-174ص
336 _atext
_btxt
_2rdacontent
337 _aunmediated
_bn
_2rdamedia
338 _avolume
_bnc
_2rdacarrier
650 4 _aالاسرة - الزواج
_922081
999 _aA7777
_c11345
_d11345